000 01015ngm a22003130a 4500
001 PT60510
003 AR-LpoUNG
005 20210202000138.0
007 vd cvaizq
008 191001suuuu||||ag |||||||||||||||||spa d
040 _aAR-LpoUNG
_bspa
_cAR-LpoUNG
_eaacr
082 0 _a305.232 194mun
100 1 _aBalmés, Thomas
_edir.
245 1 0 _aTodo el mundo ama a los bebés
260 _as.l.
_bs.e.
_cs.f.
300 _aDVD (79 min.) : son., col.
505 0 _aAdaptación: Thomas Balmes. Música: Bruno Coulais. Idioma original: inglés, japonés y mongól. Subtítulos: inglés y español.
520 _a<p>Documental basado en la historia de cuatro ni&ntilde;os de diferentes pa&iacute;ses, desde su nacimiento a sus primeros pasos.&nbsp;&nbsp;&nbsp;</p>
650 4 _aBIENESTAR DE LA INFANCIA
650 4 _aFAMILIA
650 4 _aINFANCIA
650 4 _aMEDIO FAMILIAR
650 4 _aNIÑOS
653 _aDOCUMENTALES
653 _aDVD
653 _aVIDEOS
905 _a60510
942 _cDVD
999 _c54190
_d54190